[Event "An underestimated opening..."]
[Site "SchemingMind.com"]
[Date "2008.03.15"]
[Round "-"]
[White "SLAINTIE MHATH"]
[Black "TRFz"]
[Result "0-1"]
[WhiteCountry "POL"]
[BlackCountry "GBR"]
[WhiteElo "1591"]
[WhiteRD "45"]
[BlackElo "2049"]
[BlackRD "54"]
[GameID "146077"]

1. a3 g6 2. g3 Bg7 3. Bg2 c6 4. d3 d5 5. d4 Nf6 6. Bg5 Nbd7 7. Bh3 O-O 8. Nd2 h6 9. Bf4 g5 10. Bxd7 Nxd7
11. Be3 e5 12. Ngf3 e4 13. Ng1 f5 14. Nh3 Nf6 15. Nxg5 hxg5 16. Bxg5 Qb6 17. Nb3 a5 18. c3 a4 19. O-O axb3 20. e3 Be6
21. Bxf6 Rxf6 22. f4 Rh6 23. h4 Kf7 24. Kf2 Rg8 25. a4 Bf6 26. Rg1 Ke7 27. h5 Bf7 28. g4 Bh4+ 29. Ke2 Qa6+ 30. Kd2 Bf2
31. Re1 Rxg4 32. Kc1 Rxh5 33. Qd2 Rh2 34. c4 Qxc4+ 35. Kd1 Bh5 36. Rc1 Rg1+
0-1

[Event "An underestimated opening..."]
[Site "SchemingMind.com"]
[Date "2008.03.15"]
[Round "-"]
[White "TRFz"]
[Black "SLAINTIE MHATH"]
[Result "1-0"]
[WhiteCountry "GBR"]
[BlackCountry "POL"]
[WhiteElo "2049"]
[WhiteRD "54"]
[BlackElo "1591"]
[BlackRD "45"]
[GameID "146079"]

1. a3 g6 2. d4 d6 3. e3 Bg7 4. Nf3 Bg4 5. h3 Bf5 6. Bd3 Bxd3 7. Qxd3 a6 8. O-O h6 9. c4 c6 10. Nc3 e6
11. e4 Nd7 12. Be3 Ne7 13. Rac1 e5 14. Kh1 exd4 15. Nxd4 Qc7 16. f4 c5 17. Nf3 b6 18. Rcd1 Bxc3 19. Qxc3 O-O-O 20. Qd3 Nf6
21. Nd2 Nh5 22. Kg1 f5 23. Nb1 Ng3 24. Rfe1 Nxe4 25. Nc3 Nxc3 26. Qxc3 Rhg8 27. b4 d5 28. Qf6 dxc4 29. bxc5 bxc5 30. Qxa6+ Qb7
31. Qe6+ Kb8 32. Rb1 Nd5 33. Rxb7+ Kxb7 34. Rb1+
1-0

[Event "An underestimated opening..."]
[Site "SchemingMind.com"]
[Date "2008.04.06"]
[Round "-"]
[White "Schaakmaatje"]
[Black "TRFz"]
[Result "0-1"]
[WhiteCountry "NED"]
[BlackCountry "GBR"]
[WhiteElo "1802"]
[WhiteRD "48"]
[BlackElo "2202"]
[BlackRD "56"]
[GameID "149241"]

1. a3 Nf6 2. d4 g6 3. Nc3 d5 4. h3 Bg7 5. Bf4 c6 6. e3 Nbd7 7. Bd3 O-O 8. Nf3 b6 9. Ne2 Bb7 10. O-O c5
11. c3 Rc8 12. Rc1 Re8 13. Bh2 h6 14. Nh4 e5 15. dxe5 Nxe5 16. Bb5 Re7 17. Ba4 Ne4 18. Ng3 Ba6 19. Re1 Nd3 20. Nxe4 Rxe4
21. Nf3 Nxb2
0-1

[Event "An underestimated opening..."]
[Site "SchemingMind.com"]
[Date "2008.04.06"]
[Round "-"]
[White "Schaakmaatje"]
[Black "SLAINTIE MHATH"]
[Result "1/2-1/2"]
[WhiteCountry "NED"]
[BlackCountry "POL"]
[WhiteElo "1743"]
[WhiteRD "46"]
[BlackElo "1655"]
[BlackRD "50"]
[GameID "149242"]

1. a3 d5 2. d4 Bg4 3. Bf4 e6 4. c3 Bd6 5. Qd2 Nf6 6. f3 Bf5 7. Bxd6 Qxd6 8. e3 O-O 9. Bd3 c5 10. Bxf5 exf5
11. Nh3 Re8 12. O-O a5 13. Qd3 g6 14. a4 c4 15. Qd2 Nbd7 16. Na3 Qe6 17. Rae1 Qc6 18. Nb5 Kg7 19. Qc2=
1/2-1/2

[Event "An underestimated opening..."]
[Site "SchemingMind.com"]
[Date "2008.04.07"]
[Round "-"]
[White "TRFz"]
[Black "Schaakmaatje"]
[Result "1-0"]
[WhiteCountry "GBR"]
[BlackCountry "NED"]
[WhiteElo "2185"]
[WhiteRD "58"]
[BlackElo "1837"]
[BlackRD "46"]
[GameID "149244"]

1. a3 Nf6 2. c4 c6 3. Nf3 d5 4. e3 Bg4 5. h3 Bh5 6. cxd5 Nxd5 7. Nc3 e5 8. g4 Bg6 9. Nxe5 Be7 10. Nxg6 hxg6
11. Qf3 Nd7 12. d4 N7f6 13. e4 Nxc3 14. bxc3 Qd7 15. Bc4 Bd8 16. O-O Bc7 17. Re1 O-O-O 18. Rb1 Rde8 19. Bd2 Rh7 20. Bf1 Reh8
21. e5 Nd5 22. c4 Ne7 23. Qxf7 Rxh3 24. Bxh3 Rxh3 25. Re4
1-0

[Event "An underestimated opening..."]
[Site "SchemingMind.com"]
[Date "2008.04.07"]
[Round "-"]
[White "SLAINTIE MHATH"]
[Black "Schaakmaatje"]
[Result "0-1"]
[WhiteCountry "POL"]
[BlackCountry "NED"]
[WhiteElo "1484"]
[WhiteRD "64"]
[BlackElo "1837"]
[BlackRD "46"]
[GameID "149245"]

1. a3 Nf6 2. b4 e5 3. Bb2 d6 4. g3 Bf5 5. Bg2 Be4 6. Nf3 Be7 7. O-O O-O 8. d3 Bxf3 9. Bxf3 c6 10. Nd2 Nbd7
11. Bg2 Ne8 12. f4 f5 13. fxe5 Nxe5 14. Bh3 Bg5 15. Bxf5 Be3+ 16. Kh1 Nc7 17. Bxe5 dxe5 18. Ne4 Qe7 19. Rf3 Bh6 20. Qf1 Nd5
21. Nc5 Ne3 22. Rxe3 Bxe3 23. Ne6 Rf6 24. Qh3 Rh6 25. Qg4 Re8 26. Rf1 Rxe6 27. Bxe6+ Qxe6 28. Qxe6+ Rxe6 29. Rf3 Bh6 30. e4 Rf6
31. Rxf6 gxf6 32. Kg2 Kf7 33. Kf3 Ke6 34. Kg4 b5 35. Kf3 Bc1
0-1

[Event "An underestimated opening..."]
[Site "SchemingMind.com"]
[Date "2008.04.08"]
[Round "-"]
[White "JOZIN Z BAZIN"]
[Black "Schaakmaatje"]
[Result "0-1"]
[WhiteCountry "POL"]
[BlackCountry "NED"]
[WhiteElo "1544"]
[WhiteRD "60"]
[BlackElo "1802"]
[BlackRD "48"]
[GameID "149646"]

1. a3 e5 2. g3 d5 3. d3 Bd6 4. Bg2 Ne7 5. Bg5 f6 6. Bd2 O-O 7. Nc3 c6 8. Bh3 Bxh3 9. Nxh3 Qd7 10. Ng1 Na6
11. e3 Nc5 12. b4 Ne6 13. Nf3 Rac8 14. Qe2 d4 15. Ne4 dxe3 16. Bxe3 Nf5 17. g4 Nfd4 18. Nxd4 exd4 19. Bd2 Bf4 20. Bxf4 Nxf4
21. Qf3 Nd5
0-1

[Event "An underestimated opening..."]
[Site "SchemingMind.com"]
[Date "2008.04.08"]
[Round "-"]
[White "JOZIN Z BAZIN"]
[Black "TRFz"]
[Result "0-1"]
[WhiteCountry "POL"]
[BlackCountry "GBR"]
[WhiteElo "1595"]
[WhiteRD "62"]
[BlackElo "2160"]
[BlackRD "61"]
[GameID "149647"]

1. a3 Nf6 2. d3 d5 3. g3 e5 4. Bg5 h6 5. Bxf6 Qxf6 6. Nc3 c6 7. e3 Bd6 8. Bh3 Bxh3 9. Nxh3 Nd7 10. Qe2 O-O-O
11. O-O-O Qe6 12. g4 h5 13. f3 hxg4 14. fxg4 Rxh3 15. Rdg1 Rdh8 16. Nd1 e4 17. d4 Rxh2 18. Rxh2 Rxh2 19. Rg2 Rxg2 20. Qxg2 Qh6
21. g5 Qg6 22. Nf2 f6 23. Nh3 Be7 24. b4 fxg5 25. Nf2 Nb6 26. Qg4+ Kb8 27. Qh3 Qh6 28. Qg3+ Bd6 29. Qg4 Nc4 30. Qd7 a6
31. a4 g4 32. c3 Qxe3+
0-1

[Event "An underestimated opening..."]
[Site "SchemingMind.com"]
[Date "2008.04.08"]
[Round "-"]
[White "JOZIN Z BAZIN"]
[Black "SLAINTIE MHATH"]
[Result "1-0"]
[WhiteCountry "POL"]
[BlackCountry "POL"]
[WhiteElo "1866"]
[WhiteRD "129"]
[BlackElo "1608"]
[BlackRD "49"]
[GameID "149648"]

1. a3 e5 2. e4 Bc5 3. Bc4 Qf6 4. Qf3 Qg6 5. Nh3 Nf6 6. d3 d6 7. Ng5 h6 8. Nxf7 O-O 9. Nxe5+ Kh7 10. Nxg6 Kxg6
11. O-O d5 12. Qg3+ Kh7 13. exd5 Ng4 14. d4 Bxd4 15. Qd3+ Kh8 16. Qxd4 Nd7 17. Qxg4 Nf6 18. Qg6
1-0

[Event "An underestimated opening..."]
[Site "SchemingMind.com"]
[Date "2008.04.08"]
[Round "-"]
[White "Schaakmaatje"]
[Black "JOZIN Z BAZIN"]
[Result "1-0"]
[WhiteCountry "NED"]
[BlackCountry "POL"]
[WhiteElo "1837"]
[WhiteRD "46"]
[BlackElo "1463"]
[BlackRD "61"]
[GameID "149650"]

1. a3 g6 2. d4 d6 3. e4 Bg7 4. f3 a6 5. Bc4 Nc6 6. Ne2 e6 7. Be3 d5 8. exd5 exd5 9. Bd3 Qe7 10. Qd2 Nxd4
11. Nbc3 Nxe2 12. Bxe2 c6 13. O-O h6 14. Rae1 Bf5 15. Bb6 g5 16. Na4 Be6 17. c3 Nf6 18. Bd3 Nd7 19. Bf2 b5 20. Nb6 Nxb6
21. Bxb6 O-O 22. f4 f5 23. Qe3 d4 24. Qxe6+ Qxe6 25. Rxe6 dxc3 26. bxc3 g4 27. Rxc6
1-0

[Event "An underestimated opening..."]
[Site "SchemingMind.com"]
[Date "2008.04.08"]
[Round "-"]
[White "TRFz"]
[Black "JOZIN Z BAZIN"]
[Result "1-0"]
[WhiteCountry "GBR"]
[BlackCountry "POL"]
[WhiteElo "2111"]
[WhiteRD "61"]
[BlackElo "1821"]
[BlackRD "77"]
[GameID "149651"]

1. a3 Nc6 2. b4 d6 3. e4 Nf6 4. Nc3 g6 5. f4 Bg4 6. Nf3 Nd4 7. Be2 Bh6 8. Nxd4 Bxe2 9. Ndxe2 e6 10. O-O O-O
11. d3 Nh5 12. g4 Nf6 13. g5 Bg7 14. gxf6 Bxf6 15. Bb2 g5 16. Kh1 gxf4 17. Nxf4 Kh8 18. Qh5 e5 19. Nh3 Rg8 20. Nd5 Rg6
21. Nxf6 Rxf6 22. Ng5 Rxf1+ 23. Rxf1 Qg8 24. Rxf7
1-0

[Event "An underestimated opening..."]
[Site "SchemingMind.com"]
[Date "2008.04.08"]
[Round "-"]
[White "SLAINTIE MHATH"]
[Black "JOZIN Z BAZIN"]
[Result "0-1"]
[WhiteCountry "POL"]
[BlackCountry "POL"]
[WhiteElo "1608"]
[WhiteRD "49"]
[BlackElo "1866"]
[BlackRD "129"]
[GameID "149652"]

1. a3 e5 2. b3 Bc5 3. e3 Qf6 4. Nf3 Nh6 5. Bc4 c6 6. Bb2 d5 7. Bd3 d4 8. exd4 exd4 9. Qe2+ Be6 10. b4 Bb6
11. c4 dxc3 12. dxc3 Ng4 13. c4 Bxf2+ 14. Kd1 O-O 15. Nbd2 Qxb2 16. Rc1 Ne3+ 17. Qxe3 Bxe3 18. Rc2 Qa1+
0-1

[Event "An underestimated opening..."]
[Site "SchemingMind.com"]
[Date "2008.04.14"]
[Round "-"]
[White "schakert"]
[Black "Schaakmaatje"]
[Result "0-1"]
[WhiteCountry "NED"]
[BlackCountry "NED"]
[WhiteElo "1735"]
[WhiteRD "79"]
[BlackElo "1743"]
[BlackRD "46"]
[GameID "149774"]

1. a3 d5 2. e3 e5 3. d4 Bd6 4. dxe5 Bxe5 5. Nf3 Bf6 6. Nc3 Ne7 7. Be2 O-O 8. O-O c6 9. Rb1 Bf5 10. Nd4 Bg6
11. Bh5 Nd7 12. Bxg6 Nxg6 13. e4 c5 14. Nf5 Bxc3 15. bxc3 dxe4 16. Rxb7 Nge5 17. Qd5 Rb8 18. Rxb8 Qxb8 19. Qxe4 Nf6 20. Qe2 Re8
21. Rd1 Neg4 22. Ne7+ Kf8
0-1

[Event "An underestimated opening..."]
[Site "SchemingMind.com"]
[Date "2008.04.10"]
[Round "-"]
[White "schakert"]
[Black "TRFz"]
[Result "0-1"]
[WhiteCountry "NED"]
[BlackCountry "GBR"]
[WhiteElo "1779"]
[WhiteRD "68"]
[BlackElo "2202"]
[BlackRD "56"]
[GameID "149775"]

1. a3 Nf6 2. Nc3 d5 3. d4 g6 4. Bg5 Bg7 5. e3 O-O 6. Nf3 h6 7. Bh4 c6 8. Ne2 Nbd7 9. Rc1 g5 10. Bg3 Ne4
11. Nc3 f5 12. Nxe4 fxe4 13. Nd2 e5 14. dxe5 Bxe5 15. c3 Qf6 16. f3 exf3 17. gxf3 Re8 18. Kf2 Nc5 19. Kg2 Bf5 20. Nb3 Nxb3
21. Qxb3 g4 22. e4 Bxg3 23. hxg3 Bxe4 24. fxe4 Qf3+
0-1

[Event "An underestimated opening..."]
[Site "SchemingMind.com"]
[Date "2008.04.14"]
[Round "-"]
[White "schakert"]
[Black "SLAINTIE MHATH"]
[Result "1-0"]
[WhiteCountry "NED"]
[BlackCountry "POL"]
[WhiteElo "1783"]
[WhiteRD "65"]
[BlackElo "1484"]
[BlackRD "64"]
[GameID "149776"]

1. a3 Nc6 2. Nc3 e5 3. e4 Nf6 4. Bc4 Bc5 5. Nf3 Ng4 6. O-O d6 7. h3 h5 8. b4 Bd4 9. Nxd4 exd4 10. Ne2 Nge5
11. d3 Nxc4 12. dxc4 Qf6 13. Nf4 d3 14. Be3 dxc2 15. Qxc2 Be6 16. Nd5 Bxd5 17. exd5 Ne7 18. Qe4 O-O 19. Bd4 Qg5 20. h4 Qg4
21. Qxg4 hxg4 22. g3 Nf5 23. Bc3 Rfe8 24. Rfe1 f6 25. Kf1 Kf7 26. Rxe8 Rxe8 27. Re1 Rxe1+ 28. Kxe1 a6= 29. Ke2 Ne7 30. Ke3 Kg6
31. Kf4 Kh5 32. Bd4 Ng6+ 33. Kf5 Nf8 34. Ba7 c6 35. Bb8 g6+ 36. Kxf6 Nd7+ 37. Ke6 Nxb8 38. Kxd6 cxd5 39. cxd5 a5 40. b5 g5
41. hxg5 Kxg5 42. Kc7 Kf6 43. Kxb8 Ke5 44. Kxb7 Kxd5 45. Kc7 Ke4 46. b6
1-0

[Event "An underestimated opening..."]
[Site "SchemingMind.com"]
[Date "2008.04.14"]
[Round "-"]
[White "schakert"]
[Black "JOZIN Z BAZIN"]
[Result "1-0"]
[WhiteCountry "NED"]
[BlackCountry "POL"]
[WhiteElo "1794"]
[WhiteRD "74"]
[BlackElo "1592"]
[BlackRD "62"]
[GameID "149779"]

1. a3 Nc6 2. e4 e5 3. Nf3 Nf6 4. Nc3 Bc5 5. Bc4 O-O 6. O-O d6 7. h3 Nh5 8. d3 h6 9. Na4 Nf6 10. Nxc5 dxc5
11. Bd2 Nd4 12. Nxe5 Be6 13. Bxe6 fxe6 14. c3 Nb5 15. Be3 b6 16. f4 Nd6 17. Qa4 Kh7 18. Nc6 Qd7 19. e5 Nf5 20. exf6 Nxe3
21. Qe4+ Nf5 22. Ne5 Qd5 23. fxg7 Kxg7 24. Qe2 Kh7 25. Ng4 Ng3 26. Qf2 Nxf1 27. Qh4 e5 28. Qxh6+ Kg8 29. Rxf1 Qd6 30. Qg5+ Kh7
31. f5 Rf6 32. Nxf6+ Qxf6 33. Qxf6 Rg8 34. Qh4+ Kg7 35. f6+ Kf7 36. Qh7+ Kf8 37. Qe7#
1-0

[Event "An underestimated opening..."]
[Site "SchemingMind.com"]
[Date "2008.04.14"]
[Round "-"]
[White "Schaakmaatje"]
[Black "schakert"]
[Result "0-1"]
[WhiteCountry "NED"]
[BlackCountry "NED"]
[WhiteElo "1743"]
[WhiteRD "46"]
[BlackElo "1735"]
[BlackRD "79"]
[GameID "149780"]

1. a3 c5 2. e4 Nc6 3. f4 g6 4. Nf3 Bg7 5. c3 d5 6. Bd3 Bg4 7. O-O Nf6 8. e5 Ne4 9. Bc2 O-O 10. d3 f5
11. Qe1 Qb6 12. Kh1 Bh6 13. dxe4 fxe4 14. Ng1 Rf7 15. a4 Raf8 16. Qh4 Bh5 17. Nh3 Nxe5 18. Na3 Bg7 19. Bd2 Ng4 20. Rab1 e5
21. c4 e3 22. a5 Qf6 23. Qxf6 Rxf6
0-1

[Event "An underestimated opening..."]
[Site "SchemingMind.com"]
[Date "2008.04.10"]
[Round "-"]
[White "TRFz"]
[Black "schakert"]
[Result "1/2-1/2"]
[WhiteCountry "GBR"]
[BlackCountry "NED"]
[WhiteElo "2167"]
[WhiteRD "55"]
[BlackElo "1794"]
[BlackRD "74"]
[GameID "149781"]

1. a3 e6 2. g3 d5 3. Bg2 Nf6 4. Nf3 c5 5. O-O Be7 6. d4 Nc6 7. dxc5 Bxc5 8. c4 dxc4 9. Qxd8+ Nxd8 10. Nbd2 b5
11. a4 bxa4 12. Rxa4 Bb7 13. Rxc4 Bb6 14. Ne5 O-O 15. Bxb7 Nxb7 16. b3 Na5 17. Rc2 Rac8 18. Nec4 Rfd8 19. Ba3=
1/2-1/2

[Event "An underestimated opening..."]
[Site "SchemingMind.com"]
[Date "2008.04.11"]
[Round "-"]
[White "SLAINTIE MHATH"]
[Black "schakert"]
[Result "1/2-1/2"]
[WhiteCountry "POL"]
[BlackCountry "NED"]
[WhiteElo "1589"]
[WhiteRD "54"]
[BlackElo "1798"]
[BlackRD "71"]
[GameID "149782"]

1. a3 a5 2. Nc3 e6 3. g3 d5 4. d4 Nf6 5. Bg5 Be7 6. Bh3 Nc6 7. Nf3 h6 8. Bf4 Nh5 9. Qd2 Nxf4 10. gxf4 b6
11. Ne5 Bb7 12. Nb5 Nxe5 13. fxe5 c6 14. Nc3 c5 15. Rg1 cxd4 16. Qxd4 g6 17. Qd3 Rg8 18. O-O-O Ba6 19. Nb5 Qd7 20. a4 Rc8
21. f4 Rc5 22. Nd6+ Qxd6 23. Qxa6 Qc6 24. c3 Rxc3+ 25. bxc3 Qxc3+ 26. Kb1 Qb3+ 27. Ka1 Qa3+=
1/2-1/2

[Event "An underestimated opening..."]
[Site "SchemingMind.com"]
[Date "2008.04.11"]
[Round "-"]
[White "JOZIN Z BAZIN"]
[Black "schakert"]
[Result "0-1"]
[WhiteCountry "POL"]
[BlackCountry "NED"]
[WhiteElo "1463"]
[WhiteRD "61"]
[BlackElo "1783"]
[BlackRD "65"]
[GameID "149785"]

1. a3 e5 2. d4 exd4 3. Qxd4 Nf6 4. Bg5 Nc6 5. Qe3+ Qe7 6. Bxf6 Qxe3 7. fxe3 gxf6 8. g3 Bh6 9. Kf2 d6 10. Bg2 O-O
11. Bxc6 bxc6 12. Nc3 d5 13. e4 d4 14. Na4 Be3+ 15. Kf3 h5 16. h4 Bg4+ 17. Kg2 Rab8 18. Nf3 Rfe8 19. b4 a5 20. Rab1 axb4
21. axb4 Ra8 22. Nc5 Ra2 23. Nd3 Rxc2 24. Rhe1 Rxe4 25. b5 c5 26. b6 cxb6 27. Rxb6 Bd2 28. Nxd2 Rxd2 29. Nxc5 Rdxe2+ 30. Rxe2 Rxe2+
31. Kf1 Kg7 32. Nd7 d3 33. Nxf6 d2 34. Rb1 Kxf6 35. Rb6+ Re6 36. Rb1 d1=Q+ 37. Rxd1 Bxd1 38. g4 hxg4
0-1